000 00525cam a2200217ua 4500
001 9215
005 20260515114436.0
008 150224n ii |||gr||||Z||||||asm
020 _a8189003348
040 _cMAIN
041 _aasm
082 _a891.4511
100 _aPhukan, K.,
_eAuthor.
245 1 _aAi anuragi ai udash
_cBy Kabin Phukan
250 _a1st.
260 _aGuwahati:
_bAnbesha,
_c2012.
300 _a114p.
653 _aEast Indo-European & Celtic literatures
653 _aAssamese poems
942 _cBK
999 _c8277
_d8277